町村名から郡名 (関東) - Statistics

General Stats
  • This quiz has been taken 17 times
  • The average score is 24 of 40
Answer Stats
No 都道府県 町村 % Correct
26 埼玉県 宮代町 南埼玉郡
87%
23 埼玉県 横瀬町・皆野町・長瀞町・小鹿野町・東秩父村 秩父郡
80%
34 東京都 瑞穂町・日の出町・檜原村・奥多摩町 西多摩郡
80%
35 神奈川県 葉山町 三浦郡
80%
38 神奈川県 中井町・大井町・松田町・山北町・開成町 足柄上郡
80%
39 神奈川県 箱根町・真鶴町・湯河原町 足柄下郡
80%
20 埼玉県 伊奈町 北足立郡
73%
36 神奈川県 寒川町 高座郡
73%
37 神奈川県 大磯町・二宮町 中郡
73%
40 神奈川県 愛川町・清川村 愛甲郡
73%
15 群馬県 下仁田町・南牧村・甘楽町 甘楽郡
67%
17 群馬県 片品村・川場村・昭和村・みなかみ町 利根郡
67%
19 群馬県 板倉町・明和町・千代田町・大泉町・邑楽町 邑楽郡
67%
22 埼玉県 滑川町・嵐山町・小川町・川島町・吉見町・鳩山町・ときがわ町 比企郡
67%
27 埼玉県 杉戸町・松伏町 北葛飾郡
67%
28 千葉県 酒々井町・栄町 印旛郡
67%
1 茨城県 茨城町・大洗町・城里町 東茨城郡
60%
2 茨城県 東海村 那珂郡
60%
11 栃木県 塩谷町・高根沢町 塩谷郡
60%
12 栃木県 那須町・那珂川町 那須郡
60%
16 群馬県 中之条町・長野原町・嬬恋村・草津町・高山村・東吾妻町 吾妻郡
60%
24 埼玉県 美里町・神川町・上里町 児玉郡
60%
25 埼玉県 寄居町 大里郡
60%
29 千葉県 神崎町・多古町・東庄町 香取郡
60%
31 千葉県 一宮町・睦沢町・長生村・白子町・長柄町・長南町 長生郡
60%
33 千葉県 鋸南町 安房郡
60%
4 茨城県 美浦村・阿見町・河内町 稲敷郡
53%
18 群馬県 玉村町 佐波郡
53%
21 埼玉県 三芳町・毛呂山町・越生町 入間郡
53%
30 千葉県 九十九里町・芝山町・横芝光町 山武郡
53%
3 茨城県 大子町 久慈郡
47%
6 茨城県 五霞町・境町 猿島郡
47%
9 栃木県 益子町・茂木町・市貝町・芳賀町 芳賀郡
47%
10 栃木県 壬生町・野木町 下都賀郡
47%
13 群馬県 榛東村・吉岡町 北群馬郡
47%
32 千葉県 大多喜町・御宿町 夷隅郡
47%
5 茨城県 八千代町 結城郡
40%
8 栃木県 上三川町 河内郡
40%
14 群馬県 上野村・神流町 多野郡
40%
7 茨城県 利根町 北相馬郡
33%
No matching quizzes found
Score Distribution
Percent of People with Each Score
Percentile by Number Answered
Your Score History
You have not taken this quiz